00872nam a2200265Ia 4500003001000000005001700010007000300027008004100030020001500071040003500086041000800121084001100129100004300140245009500183250002200278264002700300300004000327336002700367337003300394338002800427650004100455650004200496650002700538700004100565CO-BoRNBP20230614143849.0ta141017s1999 ck a gr 000 j spa  a9580455724 aCO-BoRNBPbspaerdacCO-BoRNBP0 aspa aC GAR21 aGarcía Márquez, Gabrield1928-201410aMaría dos Prazeres cGabriel García Márquez ; ilustraciones de Carme Solé Vendrell aPrimera edición aBogotá bNormac1999 a28 páginas bilustracionesc28 cm atextobtxt2rdacontent asin mediaciónbn2rdamedia avolumenbnc2rdacarrier14aCuentos infantiles colombianos2LEMB14aLiteratura infantil colombiana 2LEMB14aNiñosvCuentos2LEMB1 aSolé Vendrell, Carméeilustrador